01107nam a2200265 a 450000100060000000300080000600500170001400800410003102000220007203500190009404000350011304100080014808200260015624501430018226000710032530000240039650000710042050400410049165000360053265000370056871000640060594200120066999900170068195201430069824363BD-RjUL20211209001036.0140313s1991 nyu b i10000 eng d a9211421810 (pbk.) a(BD-RjUL)24429 aXNTUcXNTUdVMOUdBD-RjULbeng aeng0 a327.174220bCHA 199100aChallenges to multilateral disarmament in the post-cold-war and post-Gulf-war period /cUnited Nations Department for Disarmament Affairs.W aNew York :bUnited Nations, Dept. for Disarmament Affairs,cc1991. axv, 334 p. ;c28 cm aProceedings of an unnamed conference at Kyoto, Japan, in May 1991. aIncludes bibliographical references. 0aDisarmamentxCongresses.975007 0aArms controlxCongresses.91684620aUnited Nations.bDepartment for Disarmament Affairs.974925 2ddccBK c24363d24363 00102ddc40728NFICaRUCLbRUCLcReadingd1995-07-20eRegister office, RUl0o327.174 CHA 1991r2014-03-13 00:00:00tC-1w2021-12-09yBK